[Event "Titled Tuesday intern op 16th Apr Early"]
[Site "Chess.com INT"]
[Date "2024.04.16"]
[Round "4"]
[White "Afanasieva, Alexandra"]
[Black "Durarbayli, Vasif"]
[Result "0-1"]
[WhiteElo "1914"]
[BlackElo "2627"]
[PlyCount "72"]
[EventDate "2024.04.16"]
[EventType "swiss (blitz)"]
[EventRounds "11"]
[EventCountry "USA"]
[SourceTitle "CB17_2024"]
[SourceDate "2024.04.24"]
[SourceVersion "1"]
[SourceVersionDate "2024.04.24"]
[SourceQuality "1"]

1. e4 c5 2. c4 Nc6 3. Nc3 g6 4. g3 Bg7 5. d3 e6 6. Bg2 Nge7 7. Nge2 0-0 8. 0-0 d6 9. f4 a6 10. h3 Rb8 11. Rb1 b5 12. b3 Nd4 13. Be3 f5 14. Qd2 Bd7 15. Kh2 b4 16. Nd1 a5 17. g4 Nec6 18. Ng3 fxg4 19. hxg4 Qh4+ 20. Bh3 Ne5 21. fxe5 Rxf1 22. Bxd4 Rf3 23. Qg2 Rxd3 24. Bf2 Bxe5 25. Ne3 Rf8 26. Rd1 Rc3 27. Rd2 Bc6 28. Nef1 Rcf3 29. Kh1 R8f4 30. Re2 Rxf2 31. Rxf2 Rxf2 32. Qxf2 Qxh3+ 33. Kg1 Bd4 34. Ne3 Bxe4 35. Nxe4 Bxe3 36. Nf6+ Kh8 0-1

[Event "Titled Tuesday intern op 16th Apr Early"]
[Site "Chess.com INT"]
[Date "2024.04.16"]
[Round "7"]
[White "Afanasieva, Alexandra"]
[Black "Jovic, Stanoje"]
[Result "1-0"]
[WhiteElo "1914"]
[BlackElo "2097"]
[PlyCount "89"]
[EventDate "2024.04.16"]
[EventType "swiss (blitz)"]
[EventRounds "11"]
[EventCountry "USA"]
[SourceTitle "CB17_2024"]
[SourceDate "2024.04.24"]
[SourceVersion "1"]
[SourceVersionDate "2024.04.24"]
[SourceQuality "1"]

1. e4 c6 2. c4 d5 3. Nc3 d4 4. Nce2 e5 5. d3 Bb4+ 6. Bd2 Qa5 7. g3 Nf6 8. Bg2 Na6 9. h3 Nc5 10. Nc1 Bxd2+ 11. Qxd2 Qxd2+ 12. Kxd2 a5 13. f4 exf4 14. gxf4 Nh5 15. Nce2 f5 16. e5 Ne6 17. Rf1 Rg8 18. Bf3 Nhxf4 19. Nxf4 Nxf4 20. Bxc6+ bxc6 21. Rxf4 c5 22. h4 Ke7 23. Nh3 h6 24. Rg1 Ra6 25. h5 a4 26. Rf2 Bd7 27. Nf4 Kf7 28. Rfg2 Rb6 29. Kc1 Be8 30. Rg3 Ra6 31. Rg6 Rxg6 32. Rxg6 Ke7 33. Nd5+ Kf8 34. Ra6 Bxh5 35. Ra8+ Be8 36. e6 g5 37. Nf6 Rg6 38. Nxe8 Ke7 39. Nc7 g4 40. Re8+ Kd6 41. e7 g3 42. Nd5 g2 43. Rd8+ Ke5 44. e8Q+ Re6 45. Qh8+ 1-0

[Event "Titled Tuesday intern op 16th Apr Early"]
[Site "Chess.com INT"]
[Date "2024.04.16"]
[Round "6"]
[White "Firouzja, Alireza"]
[Black "Afanasieva, Alexandra"]
[Result "1-0"]
[WhiteElo "2760"]
[BlackElo "1914"]
[PlyCount "45"]
[EventDate "2024.04.16"]
[EventType "swiss (blitz)"]
[EventRounds "11"]
[EventCountry "USA"]
[SourceTitle "CB17_2024"]
[SourceDate "2024.04.24"]
[SourceVersion "1"]
[SourceVersionDate "2024.04.24"]
[SourceQuality "1"]

1. e4 e5 2. Nf3 Nf6 3. Nxe5 d6 4. Nf3 Nxe4 5. d4 d5 6. Bd3 Bd6 7. 0-0 0-0 8. Re1 Re8 9. Nbd2 Nxd2 10. Bxd2 h6 11. Ne5 Nc6 12. Qh5 Nxe5 13. dxe5 Bf8 14. f4 c5 15. c3 d4 16. c4 Qc7 17. Re2 b5 18. Rae1 Bb7 19. e6 fxe6 20. Qg6 Bd6 21. Rxe6 Rxe6 22. Rxe6 Rd8 23. Rf6 1-0

[Event "Titled Tuesday intern op 15th Aug Early"]
[Site "Chess.com INT"]
[Date "2023.08.15"]
[Round "10"]
[White "Afanasieva, Alexandra"]
[Black "Rouast, Joseph"]
[Result "0-1"]
[WhiteElo "1857"]
[BlackElo "2135"]
[PlyCount "44"]
[EventDate "2023.08.15"]
[EventType "swiss (blitz)"]
[EventRounds "11"]
[EventCountry "USA"]
[SourceTitle "EXT 2024"]
[Source "ChessBase"]
[SourceDate "2023.10.10"]
[SourceVersion "1"]
[SourceVersionDate "2023.10.10"]
[SourceQuality "1"]

1. e4 e5 2. Nf3 Nf6 3. Nxe5 d6 4. Nf3 Nxe4 5. Nc3 Nxc3 6. dxc3 Be7 7. Bf4 0-0 8. Qd2 Be6 9. h3 a5 10. a3 Na6 11. 0-0-0 Nc5 12. g4 b5 13. Bg2 b4 14. cxb4 axb4 15. Qxb4 Rb8 16. Qd2 Bf6 17. Nd4 Qd7 18. Bc6 Bxd4 19. Bxd7 Bxb2+ 20. Kb1 Bxa3+ 21. Ka1 Bb2+ 22. Kb1 Bc3+ 0-1

[Event "Titled Tuesday intern op 15th Aug Early"]
[Site "Chess.com INT"]
[Date "2023.08.15"]
[Round "5"]
[White "Afanasieva, Alexandra"]
[Black "Tabuenca Mendataurigoitia, Daniel"]
[Result "1-0"]
[WhiteElo "1857"]
[BlackElo "2359"]
[PlyCount "69"]
[EventDate "2023.08.15"]
[EventType "swiss (blitz)"]
[EventRounds "11"]
[EventCountry "USA"]
[SourceTitle "EXT 2024"]
[Source "ChessBase"]
[SourceDate "2023.10.10"]
[SourceVersion "1"]
[SourceVersionDate "2023.10.10"]
[SourceQuality "1"]

1. e4 d5 2. exd5 Qxd5 3. Nc3 Qd6 4. d4 Nf6 5. Nf3 g6 6. h3 Bg7 7. Bg5 0-0 8. Qd2 a6 9. Bd3 b5 10. 0-0 Bb7 11. Qe3 b4 12. Ne4 Nxe4 13. Bxe4 c6 14. c4 e6 15. Bf4 Qe7 16. c5 Rd8 17. Rfd1 Nd7 18. Bd6 Qe8 19. Rac1 Nf6 20. Ne5 a5 21. Bf3 Nd5 22. Bxd5 exd5 23. Re1 f6 24. Ng4 Qxe3 25. Rxe3 h5 26. Nh2 Re8 27. Rce1 Kf7 28. Re7+ Rxe7 29. Rxe7+ Kg8 30. Rxb7 a4 31. Rxb4 f5 32. Be5 Bh6 33. f4 a3 34. b3 Bf8 35. Nf3 1-0

[Event "Titled Tuesday intern op 20th Jun Early"]
[Site "Chess.com INT"]
[Date "2023.06.20"]
[Round "5"]
[White "Mendez Fortes, Eduardo Jesus"]
[Black "Afanasieva, Alexandra"]
[Result "1-0"]
[WhiteElo "2231"]
[BlackElo "1857"]
[PlyCount "71"]
[EventDate "2023.06.20"]
[EventType "swiss (blitz)"]
[EventRounds "11"]
[EventCountry "USA"]
[SourceTitle "EXT 2024"]
[Source "ChessBase"]
[SourceDate "2023.10.10"]
[SourceVersion "1"]
[SourceVersionDate "2023.10.10"]
[SourceQuality "1"]

1. e4 c5 2. Nf3 e6 3. d4 cxd4 4. Nxd4 Nf6 5. Nc3 Nc6 6. Ndb5 d6 7. Bf4 e5 8. Bg5 a6 9. Na3 b5 10. Nd5 Be7 11. Bxf6 gxf6 12. c4 b4 13. Nc2 Be6 14. Be2 Rg8 15. 0-0 Rb8 16. Nce3 Qd7 17. h3 Bxh3 18. Bh5 Nd4 19. g3 Bxf1 20. Qxf1 f5 21. exf5 Nxf5 22. Nxf5 Qxf5 23. Qe2 Bh4 24. Bf3 Kd7 25. Rd1 Bxg3 26. fxg3 Rxg3+ 27. Bg2 Rbg8 28. Ne3 Qg5 29. Rd3 e4 30. Rb3 a5 31. c5 a4 32. Qb5+ Ke6 33. Qc4+ Kf6 34. Qd4+ Kg6 35. Qxe4+ Kh6 36. Nf5+ 1-0

[Event "Titled Tuesday intern op 13th Jun Early"]
[Site "Chess.com INT"]
[Date "2023.06.13"]
[Round "10"]
[White "Shukhman, Anna"]
[Black "Afanasieva, Alexandra"]
[Result "0-1"]
[WhiteElo "2154"]
[BlackElo "1857"]
[PlyCount "96"]
[EventDate "2023.06.13"]
[EventType "swiss (blitz)"]
[EventRounds "11"]
[EventCountry "USA"]
[SourceTitle "EXT 2024"]
[Source "ChessBase"]
[SourceDate "2023.10.10"]
[SourceVersion "1"]
[SourceVersionDate "2023.10.10"]
[SourceQuality "1"]

1. e4 c5 2. Nf3 e6 3. d4 cxd4 4. Nxd4 Nf6 5. Nc3 Nc6 6. Nxc6 bxc6 7. e5 Nd5 8. Ne4 Qc7 9. f4 Qb6 10. c4 Bb4+ 11. Ke2 f5 12. exf6 Nxf6 13. Be3 Qc7 14. Nxf6+ gxf6 15. c5 d6 16. Kf2 Bxc5 17. Bxc5 dxc5 18. Qh5+ Kf8 19. Qxc5+ Kg7 20. g3 Rd8 21. Be2 Rd2 22. Rhd1 Rxb2 23. Kf1 Rab8 24. Rac1 R8b6 25. Qd6 Qxd6 26. Rxd6 Ba6 27. Rxe6 Rxe2 28. Rxe2 Rb2 29. Rxc6 Bxe2+ 30. Ke1 Rxa2 31. f5 Bg4 32. Rc7+ Kh6 33. Rf7 Kg5 34. h4+ Kxf5 35. Rxh7 a5 36. Ra7 a4 37. Kf1 a3 38. Ra5+ Kg6 39. Ra4 Be6 40. g4 Ra1+ 41. Kg2 a2 42. h5+ Kh6 43. Ra6 Rb1 44. Rxe6 a1Q 45. Rxf6+ Qxf6 46. Kg3 Kg5 47. Kh2 Qf2+ 48. Kh3 Rb3# 0-1

[Event "Titled Tuesday intern op 23rd May Early"]
[Site "Chess.com INT"]
[Date "2023.05.23"]
[Round "5"]
[White "Pasti, Aron"]
[Black "Afanasieva, Alexandra"]
[Result "1-0"]
[WhiteElo "2361"]
[BlackElo "1857"]
[PlyCount "45"]
[EventDate "2023.05.23"]
[EventType "swiss (blitz)"]
[EventRounds "11"]
[EventCountry "USA"]
[SourceTitle "CBM 214 Extra"]
[Source "ChessBase"]
[SourceDate "2023.07.31"]
[SourceVersion "1"]
[SourceVersionDate "2023.07.31"]
[SourceQuality "1"]

1. e4 c5 2. d4 cxd4 3. c3 dxc3 4. Nxc3 e6 5. Nf3 Nf6 6. Bc4 Bb4 7. 0-0 0-0 8. Bg5 Be7 9. Qe2 Nc6 10. Rfd1 h6 11. Bh4 Nxe4 12. Qxe4 d5 13. Qg4 Bxh4 14. Nxh4 e5 15. Qg3 d4 16. Ne4 Kh7 17. Nf3 f5 18. Neg5+ hxg5 19. Nxg5+ Kg6 20. Ne6+ Qg5 21. Qxg5+ Kh7 22. Nxf8+ Kh8 23. Qh5# 1-0

[Event "Titled Tuesday intern op 16th May Early"]
[Site "Chess.com INT"]
[Date "2023.05.16"]
[Round "4"]
[White "Ljukin, Sergei"]
[Black "Afanasieva, Alexandra"]
[Result "1-0"]
[WhiteElo "2362"]
[BlackElo "1857"]
[PlyCount "43"]
[EventDate "2023.05.16"]
[EventType "swiss (blitz)"]
[EventRounds "11"]
[EventCountry "USA"]
[SourceTitle "CBM 214 Extra"]
[Source "ChessBase"]
[SourceDate "2023.07.31"]
[SourceVersion "1"]
[SourceVersionDate "2023.07.31"]
[SourceQuality "1"]

1. e4 c5 2. Nf3 Nc6 3. d4 cxd4 4. Nxd4 e5 5. Nb5 a6 6. Nd6+ Bxd6 7. Qxd6 Qe7 8. Qxe7+ Ngxe7 9. Nc3 0-0 10. Be3 f5 11. f3 fxe4 12. fxe4 Nd4 13. 0-0-0 Nec6 14. Bc4+ Kh8 15. Rhf1 Rxf1 16. Rxf1 h6 17. Rf8+ Kh7 18. Nd5 b5 19. Nb6 Rb8 20. Bg8+ Kg6 21. Nxc8 Ne7 22. Nxe7+ 1-0